| 000 | 00453nam a2200193Ia 4500 | ||
|---|---|---|---|
| 003 | OSt | ||
| 005 | 20250823100610.0 | ||
| 008 | 250729s1900 xx 000 0 und d | ||
| 020 | _a 978-8176485241 | ||
| 040 | _cAL | ||
| 041 | _aeng | ||
| 082 | _a574.07 CHOT | ||
| 100 |
_aChowdary H S _9221989 |
||
| 245 | _aTeaching of biology | ||
| 260 |
_aNew Delhi _bA P H Publishing |
||
| 300 | _a346p | ||
| 650 |
_aBiology _9221990 |
||
| 942 |
_2ddc _cBED |
||
| 999 |
_c235255 _d235255 |
||